[Event "World Youth Girls U16 2014"]
[Site "Durban RSA"]
[Date "2014.09.22"]
[Round "4.1"]
[White "Haussernot, Cecile"]
[Black "Gal, Hanna Krisztina"]
[Result "1/2-1/2"]
[WhiteTitle "WFM"]
[WhiteElo "2011"]
[BlackElo "2094"]
[WhiteFideId "601632"]
[BlackFideId "711861"]
[EventDate "2014.09.20"]

1. e4 c5 2. Nc3 e6 3. Nf3 a6 4. d4 cxd4 5. Nxd4 Qc7 6. Bd3 Nf6 7. Qe2 d6 8. f4
Nbd7 9. Be3 b5 10. O-O-O Bb7 11. Bf2 Be7 12. g4 Nc5 13. g5 Nfd7 14. a3 Nb6 15.
Rhg1 O-O-O 16. f5 e5 17. f6 gxf6 18. Nf5 d5 19. gxf6 Bxf6 20. exd5 Nxd3+ 21.
Rxd3 Nxd5 22. Nxd5 Bxd5 23. Rc3 Bc4 24. Qg4 Kb8 25. b3 Qa5 26. Kb2 e4 27. Qf4+
Ka8 28. Be1 Bd5 29. Ne3 Qb6 30. Rf1 Bxc3+ 31. Bxc3 Rhe8 32. Qg5 Bb7 33. Rxf7 h6
34. Qf4 Qd6 35. Qg4 Rg8 36. Qh5 Qg6 37. Qxg6 Rxg6 38. Ba5 Rc8 39. c4 bxc4 40.
Nxc4 Rg2+ 41. Kb1 Rcg8 42. Bb6 R2g7 43. Rf4 Rg6 44. Be3 Rd8 45. Rf7 Rg2 46. Nb6+
Kb8 47. Nd7+ Kc8 1/2-1/2

[Event "World Youth Girls U16 2014"]
[Site "Durban RSA"]
[Date "2014.09.22"]
[Round "4.2"]
[White "Mahalakshmi, M"]
[Black "Abdusattorova, Bakhora"]
[Result "1/2-1/2"]
[WhiteTitle "WFM"]
[BlackTitle "WFM"]
[WhiteElo "2048"]
[BlackElo "2008"]
[WhiteFideId "5001080"]
[BlackFideId "14204126"]
[EventDate "2014.09.20"]

1. d4 Nf6 2. c4 g6 3. f3 d5 4. cxd5 Nxd5 5. e4 Nb6 6. Nc3 Bg7 7. Be3 O-O 8. Qd2
e5 9. d5 c6 10. h4 cxd5 11. exd5 N8d7 12. h5 Nf6 13. hxg6 fxg6 14. O-O-O Bd7 15.
Kb1 Rc8 16. Ka1 e4 17. Nxe4 Nbxd5 18. Bc5 Re8 19. Bd4 Nxe4 20. fxe4 Nf6 21. e5
Ne4 22. Qf4 Bf5 23. Nf3 Nf2 24. Bb5 Nxd1 25. Bxe8 Qxe8 26. Rxd1 Qa4 27. b3 Qb4
28. Rc1 a5 29. Rxc8+ Bxc8 30. Qc1 Bg4 31. Bb2 a4 32. Qc3 Qxc3 33. Bxc3 Bxf3 34.
gxf3 axb3 35. axb3 g5 36. Kb1 h5 37. Bd2 Bxe5 38. Bxg5 Kf7 39. Kc2 Bf6 40. Bf4
Kg6 41. Kd3 Kf5 42. Bd2 Bg5 43. Bb4 h4 44. Ke2 h3 45. Kf2 Bh4+ 46. Kg1 Bg3 47.
Bd2 Ke5 48. Be3 Bf4 49. Bb6 Kd5 50. Kf2 Bd6 51. Be3 b5 52. Bb6 Be5 53. Bd8 Kd4
54. Be7 Kc3 55. b4 Bf4 56. Bf8 Kc4 57. Be7 Kd5 58. Bf8 Ke6 59. Bc5 Kf5 60. Be7
Be5 61. Bc5 Bc7 62. Bf8 Be5 63. Bc5 Bf4 64. Bf8 Ke5 65. Be7 Kd4 66. Bf8 Kd3 67.
Be7 h2 68. Kg2 Ke2 69. Bf8 h1=Q+ 70. Kxh1 Kxf3 71. Kg1 Bg3 72. Kf1 Ke3 73. Be7
Kd3 74. Bf8 Bh4 75. Bd6 Bf6 76. Ke1 Kc2 77. Ke2 Bc3 78. Be7 Kb3 79. Kd1 Bxb4 80.
Bd8 Kb2 81. Bc7 Bc5 82. Ba5 Bd4 83. Bb4 Kb3 84. Be7 Ka2 85. Kc2 Bb2 86. Bb4 Ba3
87. Be1 Bc5 88. Bd2 Ka3 89. Kb1 1/2-1/2

[Event "World Youth Girls U16 2014"]
[Site "Durban RSA"]
[Date "2014.09.22"]
[Round "4.3"]
[White "Zhang, Lanlin"]
[Black "Tsolakidou, Stavroula"]
[Result "1/2-1/2"]
[BlackTitle "WFM"]
[WhiteElo "1988"]
[BlackElo "2250"]
[WhiteFideId "8608032"]
[BlackFideId "4264312"]
[EventDate "2014.09.20"]

1. e4 c5 2. Nf3 d6 3. d4 cxd4 4. Nxd4 Nf6 5. Nc3 a6 6. Be2 e5 7. Nb3 Be7 8. O-O
O-O 9. a4 Be6 10. Be3 Nc6 11. Kh1 Rc8 12. f4 d5 13. f5 d4 14. fxe6 fxe6 15. Bc4
Qd6 16. Bg5 Nb4 17. Bxf6 Bxf6 18. Nd2 dxc3 19. bxc3 b5 20. axb5 axb5 21. Bxb5
Rxc3 22. Ba4 Rd8 23. Nf3 Qc5 24. Qe1 Nxc2 25. Bxc2 Rxc2 26. Rc1 Rxc1 27. Qxc1
Qxc1 28. Rxc1 Rd3 29. Kg1 g5 30. h3 h5 31. Rc8+ Kg7 32. Rc7+ Kf8 33. Rc8+ Ke7
34. Rc7+ Ke8 35. Rc8+ Ke7 36. Rc7+ Ke8 37. Rc8+ Ke7 38. Rc7+ 1/2-1/2

[Event "World Youth Girls U16 2014"]
[Site "Durban RSA"]
[Date "2014.09.22"]
[Round "4.4"]
[White "Unuk, Laura"]
[Black "Bykovtsev, Agata"]
[Result "1-0"]
[WhiteTitle "WFM"]
[WhiteElo "2247"]
[BlackElo "2059"]
[WhiteFideId "14609215"]
[BlackFideId "2046547"]
[EventDate "2014.09.20"]

1. d4 Nf6 2. c4 g6 3. Nc3 Bg7 4. e4 d6 5. f3 a6 6. Bg5 c6 7. Nge2 b5 8. Ng3 Qa5
9. Qd2 Nbd7 10. a3 bxc4 11. Bxc4 c5 12. dxc5 Qxc5 13. Rc1 Rb8 14. Nce2 Qb6 15.
b4 Ne5 16. Ba2 Bd7 17. Nc3 Rc8 18. Be3 Qb7 19. Qe2 O-O 20. O-O Bb5 21. Nxb5 axb5
22. f4 Neg4 23. h3 Nxe3 24. Qxe3 Nd7 25. Ne2 Qb6 26. Kf2 Bb2 27. Rb1 Qxe3+ 28.
Kxe3 Bxa3 29. Rb3 Ra8 30. Nc3 Rfb8 31. Bb1 Nb6 32. Bd3 Nc4+ 33. Ke2 e6 34. Ra1
Bb2 35. Rxa8 Rxa8 36. Nxb5 Bc1 37. Bxc4 Bxf4 38. Kf3 Be5 39. Rd3 Rc8 40. Na3 Bb2
41. Ba6 Ra8 42. b5 f5 43. exf5 gxf5 44. Nc4 e5 45. Rxd6 Bd4 46. b6 Rf8 47. b7
e4+ 48. Ke2 Ba7 49. Na5 Bb8 50. Rc6 f4 51. Rc8 Bd6 52. Nc4 Bb8 53. Nb6 f3+ 54.
gxf3 exf3+ 55. Kf1 1-0

[Event "World Youth Girls U16 2014"]
[Site "Durban RSA"]
[Date "2014.09.22"]
[Round "4.5"]
[White "Drogovoz, Maria"]
[Black "Virkud, Apurva"]
[Result "1/2-1/2"]
[BlackTitle "WCM"]
[WhiteElo "2167"]
[BlackElo "2041"]
[WhiteFideId "4176731"]
[BlackFideId "2050820"]
[EventDate "2014.09.20"]

1. e4 c5 2. Nf3 d6 3. d4 cxd4 4. Nxd4 Nf6 5. Nc3 a6 6. g3 e6 7. Bg2 Be7 8. O-O
O-O 9. Be3 Qc7 10. a4 Nc6 11. Nb3 b6 12. f4 Bb7 13. g4 Rfe8 14. g5 Nd7 15. Qh5
Bf8 16. Rf3 g6 17. Qh4 Qd8 18. Rh3 h5 19. Ne2 Nb4 20. Bd2 d5 21. c3 Nc6 22. exd5
exd5 23. Ng3 Bg7 24. f5 Nce5 25. f6 Nxf6 26. gxf6 Bxf6 27. Qf4 h4 28. Rf1 Re6
29. Nd4 Nd3 30. Nxe6 Nxf4 31. Nxd8 Nxh3+ 32. Bxh3 Bxd8 33. Ne2 Be7 34. Nd4 a5
35. Nf3 Bc5+ 36. Kh1 d4 37. Bg2 h3 38. Bxh3 Re8 39. cxd4 Bxd4 40. Bg2 Re2 41.
Bc3 Bxc3 42. bxc3 Rc2 43. Kg1 Rxc3 44. Ne5 Bxg2 45. Kxg2 Rc5 46. Nxf7 Rc4 47.
Ne5 Rxa4 48. Rf6 b5 49. Rxg6+ Kh7 50. Rb6 Rb4 51. Nd3 Rb3 52. Nc5 Rb2+ 53. Kf3
Rxh2 54. Rxb5 Ra2 55. Ke4 a4 56. Ra5 a3 57. Nb3 Re2+ 58. Kd3 Ra2 59. Kc3 Kg6 60.
Kb4 1/2-1/2

[Event "World Youth Girls U16 2014"]
[Site "Durban RSA"]
[Date "2014.09.22"]
[Round "4.6"]
[White "Ghukasyan, Siranush"]
[Black "Varshini, V"]
[Result "0-1"]
[BlackTitle "WFM"]
[WhiteElo "2155"]
[BlackElo "1987"]
[WhiteFideId "13300946"]
[BlackFideId "5091241"]
[EventDate "2014.09.20"]

1. e4 c5 2. Nf3 d6 3. d4 cxd4 4. Nxd4 Nf6 5. Nc3 a6 6. Be3 e6 7. f3 Be7 8. Qd2
Qc7 9. O-O-O b5 10. g4 Bb7 11. g5 Nfd7 12. h4 Nc6 13. h5 b4 14. h6 bxc3 15. Qxc3
O-O-O 16. hxg7 Rhg8 17. Nxc6 Qxc6 18. Qxc6+ Bxc6 19. Bxa6+ Kc7 20. Rxh7 Ra8 21.
Bd3 Rxa2 22. f4 Nc5 23. Bxc5 dxc5 24. b3 c4 25. bxc4 Bb4 26. Rdh1 Ra1+ 27. Kb2
Rxh1 28. Rxh1 Rxg7 29. Rg1 Bd2 30. Rg4 e5 31. fxe5 Bxg5 32. Be2 Bd7 33. Rg1 f6
34. e6 Bxe6 35. Kb3 Kd6 36. Ra1 Ke5 37. Bd3 Kd4 38. Ra4 Bd2 39. Ra6 Rb7+ 40. Ka2
Ke5 41. Ra3 Bf7 42. Ra8 Bc3 43. Ka3 Bg6 44. Rg8 Bb4+ 45. Ka4 Bxe4 46. Re8+ Be7
47. Ka5 Bxd3 48. cxd3 Ke6 49. d4 Kd7 50. Rg8 Rb4 51. c5 Rxd4 52. Rg7 Rc4 53. Kb6
Rxc5 54. Rxe7+ Kxe7 55. Kxc5 Ke6 56. Kd4 Kf5 0-1

[Event "World Youth Girls U16 2014"]
[Site "Durban RSA"]
[Date "2014.09.22"]
[Round "4.7"]
[White "Monnisha, GK"]
[Black "Wozniak, Mariola"]
[Result "1/2-1/2"]
[WhiteTitle "WFM"]
[BlackTitle "WCM"]
[WhiteElo "2078"]
[BlackElo "1992"]
[WhiteFideId "5009936"]
[BlackFideId "1152050"]
[EventDate "2014.09.20"]

1. e4 c5 2. Nf3 d6 3. d4 cxd4 4. Nxd4 Nf6 5. Nc3 a6 6. h3 e6 7. g4 d5 8. exd5
Nxd5 9. Bd2 b5 10. Bg2 Bb7 11. O-O Nxc3 12. Bxc3 Bxg2 13. Kxg2 b4 14. Be1 Be7
15. c3 bxc3 16. Bxc3 O-O 17. Qe2 Qb6 18. Rac1 Nd7 19. Rfd1 Nf6 20. Nb3 Nd5 21.
Qe4 Bg5 22. Bd2 Bf6 23. Rc2 Rac8 24. Rdc1 Rxc2 25. Rxc2 Be7 26. Qd4 Qb7 27. Kg1
Rd8 28. Na5 Qb5 29. Nc6 Bf6 30. Qc5 Qxc5 31. Rxc5 Rc8 32. g5 Bd8 33. b4 Bb6 34.
Rc4 Kf8 35. a4 Ne7 36. Ne5 Rxc4 37. Nxc4 Nd5 38. Ne5 Ke8 39. Nc6 Bc7 40. Nd4 Kd7
41. Kf1 Be5 42. Nb3 Bd6 43. b5 axb5 44. axb5 Nc7 45. b6 Nd5 46. b7 Kc7 47. Na5
Bf4 48. Bxf4+ Nxf4 49. h4 Ng6 50. h5 Ne5 51. f4 Nd7 52. Kf2 Nc5 53. Nc6 Nxb7 54.
Ne5 Nd6 55. Ng4 Kd8 56. Kf3 Ke7 57. h6 gxh6 58. Nxh6 f5 59. Ng8+ Kf7 60. Nf6 h6
61. Nd7 hxg5 62. fxg5 Ke7 63. Ne5 Nf7 64. Ng6+ Kd7 65. Kf4 Ke8 66. Nh4 Kf8 67.
Nxf5 exf5 1/2-1/2

[Event "World Youth Girls U16 2014"]
[Site "Durban RSA"]
[Date "2014.09.22"]
[Round "4.8"]
[White "Konopatska, Oleksandra"]
[Black "Narva, Mai"]
[Result "0-1"]
[BlackTitle "WCM"]
[WhiteElo "1914"]
[BlackElo "2210"]
[WhiteFideId "14128772"]
[BlackFideId "4500512"]
[EventDate "2014.09.20"]

1. c4 e5 2. Nc3 Nc6 3. Nf3 Bb4 4. g3 Nf6 5. Bg2 d6 6. O-O O-O 7. d3 Bxc3 8. bxc3
h6 9. Rb1 Rb8 10. h3 Be6 11. Be3 a6 12. Nd2 d5 13. Bc5 Re8 14. cxd5 Bxd5 15. c4
Bxg2 16. Kxg2 e4 17. Qc2 exd3 18. exd3 Nd7 19. Be3 Nde5 20. Rb3 Nd4 21. Bxd4
Qxd4 22. f4 Ng4 23. hxg4 Re2+ 24. Kh1 Qe3 25. d4 Rxd2 26. Rxe3 Rxc2 27. c5 Rxa2
28. Re7 Rc8 29. Rd1 Rc2 30. Rb1 Rd8 31. Re4 b6 32. cxb6 cxb6 33. Rxb6 a5 34. Rb1
Rc4 35. Kg2 Rcxd4 36. Rxd4 Rxd4 37. Ra1 a4 38. Kf3 Rd3+ 39. Kf2 a3 40. Ra2 Rb3
41. Ra1 Kf8 42. Rc1 Rb8 43. Kf3 a2 44. Ra1 Rb3+ 45. Kg2 Ra3 0-1

[Event "World Youth Girls U16 2014"]
[Site "Durban RSA"]
[Date "2014.09.22"]
[Round "4.10"]
[White "Ljikar, Tamara"]
[Black "Derakhshani, Dorsa"]
[Result "1-0"]
[BlackTitle "WFM"]
[WhiteElo "1768"]
[BlackElo "2148"]
[WhiteFideId "14530767"]
[BlackFideId "12500330"]
[EventDate "2014.09.20"]

1. e4 e5 2. Nf3 Nc6 3. Nc3 Nf6 4. d4 exd4 5. Nxd4 Bb4 6. Nxc6 bxc6 7. Bd3 d5 8.
exd5 cxd5 9. O-O O-O 10. h3 d4 11. Ne4 Nxe4 12. Bxe4 Rb8 13. Qf3 Bd6 14. b3 f5
15. Bd5+ Kh8 16. Bb2 Qf6 17. Rad1 Qe5 18. g3 c5 19. Rfe1 Qf6 20. c3 f4 21. g4 h5
22. cxd4 hxg4 23. hxg4 Qh4 24. Qh1 Qxh1+ 25. Kxh1 Bxg4 26. f3 Bh5 27. dxc5 Bxc5
28. Re5 Be8 29. Rg5 Rf6 30. Kg2 1-0

[Event "World Youth Girls U16 2014"]
[Site "Durban RSA"]
[Date "2014.09.22"]
[Round "4.11"]
[White "Gazikova, Veronika"]
[Black "Shapar, Tatiana"]
[Result "1-0"]
[WhiteTitle "WFM"]
[WhiteElo "2134"]
[BlackElo "1877"]
[WhiteFideId "14919311"]
[BlackFideId "24174840"]
[EventDate "2014.09.20"]

1. e4 e5 2. Nf3 Nc6 3. Bc4 Nf6 4. d3 Be7 5. O-O O-O 6. Nbd2 d6 7. c3 Kh8 8. Re1
Ng4 9. h3 Nh6 10. Nf1 Na5 11. Bb5 a6 12. Ba4 b5 13. Bc2 f5 14. Bxh6 gxh6 15.
exf5 Bxf5 16. Ng3 Bg6 17. d4 exd4 18. Nxd4 Qd7 19. Bf5 Bxf5 20. Ndxf5 Bg5 21.
Qg4 Nc6 22. f4 Bf6 23. Nxh6 Qxg4 24. Nxg4 Bh4 25. Kh2 Bxg3+ 26. Kxg3 1-0

[Event "World Youth Girls U16 2014"]
[Site "Durban RSA"]
[Date "2014.09.22"]
[Round "4.12"]
[White "Egorova, Ayyyna"]
[Black "Albekova, Dilyara"]
[Result "1-0"]
[WhiteTitle "WCM"]
[WhiteElo "1992"]
[BlackElo "1830"]
[WhiteFideId "24136611"]
[BlackFideId "13705628"]
[EventDate "2014.09.20"]

1. e4 d5 2. exd5 Qxd5 3. Nc3 Qd6 4. d4 a6 5. Nf3 Nf6 6. g3 b5 7. Bg2 Bb7 8. O-O
e6 9. Bf4 Qb6 10. a4 b4 11. a5 Qa7 12. Bxc7 Nbd7 13. Ne2 Rc8 14. Bf4 Be7 15. Be3
Nd5 16. Nf4 O-O 17. Nd2 Ba8 18. Nd3 N7f6 19. Qe2 1-0

[Event "World Youth Girls U16 2014"]
[Site "Durban RSA"]
[Date "2014.09.22"]
[Round "4.13"]
[White "Beinenson, Katsiaryna"]
[Black "Van Zyl, Charlize"]
[Result "1-0"]
[WhiteTitle "WFM"]
[BlackTitle "WIM"]
[WhiteElo "1980"]
[BlackElo "1753"]
[WhiteFideId "13507044"]
[BlackFideId "14307120"]
[EventDate "2014.09.20"]

1. d4 Nf6 2. Nf3 g6 3. Bf4 Bg7 4. Nbd2 O-O 5. e3 d6 6. Be2 c5 7. c3 Nc6 8. a4 b6
9. h3 Bb7 10. O-O Rc8 11. Nc4 cxd4 12. exd4 Ba6 13. Na3 Bxe2 14. Qxe2 Re8 15.
Rad1 d5 16. Nc2 e6 17. Nd2 Na5 18. Ne3 Qd7 19. Rfe1 Ne4 20. Nxe4 dxe4 21. Ra1 f5
22. b4 Nb7 23. c4 Qe7 24. Rab1 Red8 25. d5 g5 26. Bh2 f4 27. Nf1 exd5 28. cxd5
Nd6 1-0

[Event "World Youth Girls U16 2014"]
[Site "Durban RSA"]
[Date "2014.09.22"]
[Round "4.14"]
[White "Jain, Shaileja"]
[Black "Fesselier, Melissa"]
[Result "1-0"]
[WhiteElo "1736"]
[BlackElo "1966"]
[WhiteFideId "2089254"]
[BlackFideId "20689284"]
[EventDate "2014.09.20"]

1. e4 c5 2. Nf3 e6 3. Nc3 Nc6 4. Bb5 Nd4 5. O-O Nxb5 6. Nxb5 a6 7. Nc3 d6 8. d4
cxd4 9. Nxd4 Nf6 10. f4 Qc7 11. Kh1 Be7 12. f5 e5 13. Nde2 b5 14. Bg5 Bb7 15.
Bxf6 Bxf6 16. Nd5 Qc4 17. Nec3 Rd8 18. a3 a5 19. Re1 b4 20. axb4 axb4 21. Ra7
bxc3 22. Rxb7 cxb2 23. Qh5 O-O 24. Rb3 Bh4 25. Qxh4 Rb8 26. Nf6+ 1-0

[Event "World Youth Girls U16 2014"]
[Site "Durban RSA"]
[Date "2014.09.22"]
[Round "4.15"]
[White "Fuskova, Martina"]
[Black "Peng, Xinbei"]
[Result "1-0"]
[WhiteElo "1961"]
[BlackElo "1626"]
[WhiteFideId "300063"]
[BlackFideId "8607680"]
[EventDate "2014.09.20"]

1. e4 e5 2. Nf3 Nc6 3. Bc4 Be7 4. d4 exd4 5. Nxd4 Nf6 6. Nxc6 dxc6 7. Qxd8+ Bxd8
8. Nc3 b5 9. Bd3 a6 10. Be3 O-O 11. O-O Re8 12. f3 Be7 13. Rfe1 Be6 14. Rad1
Rad8 15. Ne2 c5 16. Nf4 c4 17. Nxe6 fxe6 18. Bf1 Nd7 19. Rd2 Bb4 20. c3 Bc5 21.
Kf2 Kf8 22. Red1 Bxe3+ 23. Kxe3 Ke7 24. Be2 Nc5 25. Rxd8 Rxd8 26. Rxd8 Kxd8 27.
Kd4 Na4 28. b3 c5+ 29. Ke3 cxb3 30. axb3 Nxc3 31. Bd3 a5 32. Kd2 b4 33. Bc4 Ke7
34. Kd3 Kd6 35. f4 e5 36. f5 a4 37. bxa4 Nxa4 38. Bb3 Nb2+ 39. Kc2 c4 40. Kxb2
cxb3 41. Kxb3 Kc5 42. g4 h6 43. h4 Kc6 44. Kc4 Kd6 45. Kxb4 1-0

[Event "World Youth Girls U16 2014"]
[Site "Durban RSA"]
[Date "2014.09.22"]
[Round "4.16"]
[White "Besso, Guadalupe"]
[Black "Methmani, Nelunika"]
[Result "1/2-1/2"]
[WhiteTitle "WCM"]
[BlackTitle "WIM"]
[WhiteElo "1952"]
[BlackElo "1614"]
[WhiteFideId "123161"]
[BlackFideId "9910050"]
[EventDate "2014.09.20"]

1. d4 d5 2. c4 e6 3. Nc3 Nf6 4. cxd5 exd5 5. Bg5 Be7 6. e3 O-O 7. Bd3 c6 8. Nge2
Bg4 9. f3 Bd7 10. Qc2 h6 11. Bh4 Na6 12. Bxa6 bxa6 13. O-O Re8 14. Na4 Qc8 15.
Bxf6 Bxf6 16. e4 dxe4 17. fxe4 Bg4 18. e5 Qd7 19. Rad1 Bg5 20. Qd3 Rad8 21. Qe4
f5 22. Qc2 Be3+ 23. Kh1 f4 24. Qc4+ Kh8 25. Nac3 Rf8 26. d5 Qf5 27. Nd4 Qxe5 28.
Ne6 Bxe6 29. dxe6 Rde8 30. Qxc6 Rxe6 31. Qf3 Rb8 32. Rd5 Qc7 33. Qg4 Qc6 34. Rb1
Rg6 35. Qf3 Kh7 36. Qe2 Rb4 37. Rbd1 Qb6 38. b3 Qf6 39. R5d3 Qg5 40. Rd6 Rb6 41.
Rxg6 Rxg6 42. Nd5 Bc5 43. Qe4 Bd6 44. Rf1 Qe5 45. Qd3 Qg5 46. Qc4 Qe5 47. Qd3 1/2-1/2

[Event "World Youth Girls U16 2014"]
[Site "Durban RSA"]
[Date "2014.09.22"]
[Round "4.17"]
[White "Drogovoz, Irina"]
[Black "Ranasinghe, Thinithi Sahanika"]
[Result "1-0"]
[WhiteElo "2313"]
[BlackElo "1596"]
[WhiteFideId "4176715"]
[BlackFideId "9914382"]
[EventDate "2014.09.20"]

1. d4 d5 2. c4 c6 3. Nf3 Nf6 4. Nc3 e6 5. g3 Nbd7 6. Bg2 dxc4 7. a4 g6 8. e4 Bg7
9. O-O O-O 10. Qe2 Nb8 11. Qxc4 Na6 12. b3 Qb6 13. Ba3 Rd8 14. a5 Qc7 15. e5 Nd5
16. Bd6 Qd7 17. Ne4 Nac7 18. Rfc1 a6 19. Nfd2 Nb5 20. Qd3 Bf8 21. Rc5 f5 22.
Rxd5 fxe4 23. Nxe4 Kh8 24. Rc5 Nxd6 25. exd6 Bxd6 26. Rc4 Bf8 27. Qe2 Bg7 28.
Rd1 Rb8 29. Nc5 Qf7 30. Na4 Bd7 31. Rb4 Qf5 32. Nb6 Bc8 33. Be4 Qg5 34. Bxc6
Bxd4 35. Rbxd4 Rxd4 36. Rxd4 1-0

[Event "World Youth Girls U16 2014"]
[Site "Durban RSA"]
[Date "2014.09.22"]
[Round "4.18"]
[White "Kyrkjebo, Hanna B."]
[Black "Vasova, Maria"]
[Result "0-1"]
[WhiteElo "1758"]
[BlackElo "1958"]
[WhiteFideId "1511599"]
[BlackFideId "2900955"]
[EventDate "2014.09.20"]

1. e4 c6 2. d4 d5 3. Nc3 g6 4. Nf3 Bg7 5. Be2 dxe4 6. Nxe4 Nd7 7. c3 Ngf6 8.
Nxf6+ Nxf6 9. O-O O-O 10. Bf4 Nd5 11. Bg3 Qb6 12. Qb3 Bg4 13. h3 Bxf3 14. Bxf3
Rfd8 15. Rfe1 e6 16. Rad1 Rd7 17. Bxd5 Rxd5 18. Qxb6 axb6 19. a3 Rb5 20. Re2 Rd8
21. Rde1 Rd7 22. Bf4 Rbd5 23. Be5 Bxe5 24. dxe5 b5 25. Kf1 Kf8 26. Re4 h5 27.
R4e3 Ke7 28. f4 c5 29. b4 c4 30. Kf2 Rd8 31. h4 Kd7 32. R3e2 Kc6 33. Re3 Rd3 34.
R1e2 Rxe3 35. Rxe3 Ra8 36. Kf3 Kd5 37. Re2 Rxa3 38. Rd2+ Kc6 39. Rc2 Ra1 40. Ke3
Rd1 41. Ke2 Rh1 42. g3 Rh2+ 43. Kd1 Rxc2 44. Kxc2 Kd5 45. Kd2 Ke4 46. Ke2 b6 47.
Kd2 Kf3 48. Ke1 Kxg3 49. Ke2 Kxf4 0-1

[Event "World Youth Girls U16 2014"]
[Site "Durban RSA"]
[Date "2014.09.22"]
[Round "4.20"]
[White "Maouchi, Amina"]
[Black "Wafa, Shahenda"]
[Result "0-1"]
[BlackTitle "WIM"]
[WhiteElo "1613"]
[BlackElo "1917"]
[WhiteFideId "7900929"]
[BlackFideId "10609962"]
[EventDate "2014.09.20"]

1. e4 c5 2. Nf3 Nc6 3. Nc3 Nf6 4. Bc4 d6 5. h3 g6 6. d3 Bg7 7. O-O O-O 8. Be3
Na5 9. Bb3 Nxb3 10. axb3 h6 11. Qd2 Kh7 12. e5 dxe5 13. Bxc5 b6 14. Be3 Nd7 15.
Ra4 f5 16. Bxh6 f4 17. Bxg7 Kxg7 18. Qe2 Qc7 19. Nb5 Qb8 20. Re1 Rf5 21. Nc3 Bb7
22. d4 Bc6 23. Rc4 Qb7 24. Ne4 Bb5 25. Neg5 Qd5 26. Qe4 Qxe4 27. Rxe4 Bxc4 28.
bxc4 Nf6 29. Ne6+ Kg8 30. Rxe5 Rxe5 31. Nxe5 Ne4 32. Nxg6 Kf7 33. Ngxf4 Rc8 34.
b3 Nd2 35. Ng5+ Kg8 36. Nd5 Kf8 37. Ne6+ Kf7 38. Ng5+ Ke8 39. Ne6 Kd7 40. Nef4
e6 41. Ne3 Rf8 42. Nd3 Rg8 43. Nf4 Kd6 44. g4 Rf8 45. Neg2 Nb1 46. Nd3 Nc3 47.
Kf1 b5 48. Ne3 bxc4 49. bxc4 a5 50. f4 a4 51. c5+ Kd7 52. Nc4 Nd5 53. Nb6+ Nxb6
54. cxb6 a3 55. Nc5+ Kd6 56. Ke2 a2 57. Nb3 Rxf4 58. c4 Rxd4 59. c5+ Kd7 60. c6+
Kc8 61. Nc5 Rb4 62. b7+ Kd8 63. Nxe6+ Ke7 64. c7 a1=Q 65. c8=Q Qa2+ 66. Kf3 Qa3+
67. Ke2 Rb2+ 68. Kd1 Qd3+ 0-1

[Event "World Youth Girls U16 2014"]
[Site "Durban RSA"]
[Date "2014.09.22"]
[Round "4.21"]
[White "Kafetzi, Angeliki"]
[Black "Tao, Rachel Long-Xin"]
[Result "1/2-1/2"]
[WhiteElo "1896"]
[BlackElo "1592"]
[WhiteFideId "4238419"]
[BlackFideId "2616300"]
[EventDate "2014.09.20"]

1. e4 c5 2. Nf3 Nc6 3. d4 cxd4 4. Nxd4 Qb6 5. Nb3 Nf6 6. Bd3 a6 7. O-O e6 8. a4
Be7 9. Na3 Qc7 10. Be3 b6 11. Nc4 Rb8 12. a5 bxa5 13. Re1 d5 14. exd5 exd5 15.
Ncxa5 Nxa5 16. Rxa5 Rxb3 17. Rc5 Rxd3 18. Rxc7 Rxd1 19. Rxd1 Be6 20. Ra1 Bd8 21.
Ra7 O-O 22. R1xa6 Re8 23. Ra8 d4 24. Bd2 Bf5 25. Rd6 Be7 26. Rxe8+ Nxe8 27. Rxd4
Bxc2 28. Rc4 Bf5 29. b4 f6 30. f3 Kf7 31. Kf2 Nd6 32. Rc1 Bd3 33. Be1 Bb5 1/2-1/2

[Event "World Youth Girls U16 2014"]
[Site "Durban RSA"]
[Date "2014.09.22"]
[Round "4.22"]
[White "Marx, Inge"]
[Black "Nyamdorj, Uranchimeg"]
[Result "0-1"]
[WhiteElo "1488"]
[BlackElo "1784"]
[WhiteFideId "14306271"]
[BlackFideId "4902386"]
[EventDate "2014.09.20"]

1. e4 e5 2. Nf3 Nc6 3. Bc4 Bc5 4. c3 Nf6 5. d3 O-O 6. Nbd2 d6 7. Bb3 Ne7 8. Nf1
Ng6 9. Ng3 c6 10. O-O a6 11. Qe2 Be6 12. Bc2 Ba7 13. Kh1 h6 14. b4 Re8 15. Bb2
Qd7 16. a4 Bg4 17. Bd1 Nf4 18. Qd2 g6 19. d4 h5 20. dxe5 dxe5 21. Qxd7 Nxd7 22.
h3 Be6 23. Bc2 Rad8 24. Kg1 f6 25. Rfe1 Bc4 26. Nd2 Bd3 27. Bb3+ Kg7 28. Rad1 h4
29. Nh1 Be2 30. Rb1 Bh5 31. Kh2 Nc5 32. bxc5 Rxd2 33. Bc1 Rd7 34. Be3 Nd3 35.
Rf1 Bxc5 36. Bxc5 Nxc5 37. f3 Rd3 38. Rfc1 Rd2 39. Bd1 Red8 40. Kg1 b5 41. Nf2
Nd3 42. Nxd3 R8xd3 43. axb5 axb5 44. Kf1 f5 45. exf5 gxf5 46. c4 bxc4 47. Be2
Re3 48. Bxc4 e4 49. Rb7+ Kf6 50. fxe4 Rxe4 51. Rb6 Kg5 52. Rxc6 Be2+ 53. Bxe2
Rexe2 54. R6c3 Rxg2 55. Ke1 Rde2+ 56. Kd1 Ra2 57. Re3 Rg1+ 58. Re1 Rg3 59. Rh1
Rag2 60. Rc8 Rg1+ 61. Rxg1 Rxg1+ 62. Ke2 Rg3 63. Rg8+ Kf4 64. Rxg3 Kxg3 65. Kf1
Kxh3 66. Kg1 Kg3 67. Kh1 h3 68. Kg1 f4 0-1

[Event "World Youth Girls U16 2014"]
[Site "Durban RSA"]
[Date "2014.09.22"]
[Round "4.25"]
[White "Zhang, Manxuan"]
[Black "Dadello, Aleksandra"]
[Result "0-1"]
[WhiteElo "1593"]
[BlackElo "1907"]
[WhiteFideId "2619504"]
[BlackFideId "1177362"]
[EventDate "2014.09.20"]

1. e4 e6 2. f4 d5 3. e5 c5 4. Nf3 Nc6 5. c3 Bd7 6. Na3 a6 7. Nc2 Nge7 8. Be2 Nf5
9. O-O c4 10. d4 cxd3 11. Bxd3 Bc5+ 12. Kh1 g6 13. Qe1 Nce7 14. g4 Ng7 15. Qh4
Nc6 16. Qh6 Bf8 17. Qh3 Qe7 18. f5 exf5 19. gxf5 Bxf5 20. Bxf5 Nxf5 21. Bg5 Qd7
22. Bf6 Bg7 23. Bxg7 Nxg7 24. Qxd7+ Kxd7 25. Ng5 Nf5 26. Rad1 Ke7 27. Rxd5 h6
28. Nf3 Rad8 29. Rfd1 Rxd5 30. Rxd5 Rd8 31. Rxd8 Kxd8 32. Ncd4 Kd7 33. Kg1 Ne3
34. b3 Ng4 35. Nxc6 Kxc6 36. h3 Ne3 37. Kf2 Nd1+ 38. Ke1 Nxc3 39. a3 Kd5 40. Kf2
Nb5 41. a4 Nd4 42. Nd2 Kxe5 43. Nc4+ Kd5 44. Nd2 f5 45. Ke3 g5 46. Kf2 h5 47. b4
f4 48. Kg2 g4 49. hxg4 hxg4 50. Kf2 b5 51. axb5 axb5 52. Kg2 Nc2 53. Kf2 Nxb4
54. Ke2 Kd4 55. Nb3+ Kc3 56. Nc5 f3+ 57. Kf1 Nd5 58. Kf2 b4 59. Ne4+ Kd3 60.
Nc5+ Kc4 61. Ne4 b3 62. Kg3 b2 63. Nd2+ Kd3 64. Nb1 Ke2 0-1